LEADER 01024nam0-22003371i-450- 001 990003416400403321 005 20071108123143.0 010 $a0-89871-399-4 035 $a000341640 035 $aFED01000341640 035 $a(Aleph)000341640FED01 035 $a000341640 100 $a20030910d19971997km-y0itay50--03--ba 101 0 $aeng 200 1 $aIntroduction to matrix analysis$fRichard Bellman 205 $a2nd ed 210 $aPhiladelphia$cSociety for Industrial and Applied Mathematics$dc1997 215 $axxviii, 403 p.$d23 cm 225 1 $aClassics in applied mathematics$v19 610 0 $aAlgebra lineare e multilineare$aTeoria delle matrici 676 $a512.9 700 1$aBellman,$bRichard Ernest$f<1920-1984>$0121312 801 0$aIT$bUNINA$gRICA$2UNIMARC 901 $aBK 912 $a990003416400403321 952 $aMXVII-B-60$b7877$fMAS 952 $a10 B II 664$bDIET 1782$fDINEL 959 $aMAS 959 $aDINEL 996 $aIntroduction to matrix analysis$9358317 997 $aUNINA LEADER 01006nam0-22003011i-450- 001 990000469230403321 005 20090220124355.0 010 $a3-540-15493-0 035 $a000046923 035 $aFED01000046923 035 $a(Aleph)000046923FED01 035 $a000046923 100 $a20020821d1985----km-y0itay50------ba 101 0 $aeng 105 $aa-------101yy 200 1 $aEngineering software IV$eproceedings of the 4th International Conference, Kensington exhibition centre, London, England, june 1985$feditor R. A. Adey 210 $aBerlin ; Heidelberg$cSpringer-Verlag$dİ1985 215 $a1 v. (paginaz. varia)$cill.$d25 cm 610 0 $aIngegneria$aElaborazione dei dati 676 $a620.0028 702 1$aAdey,$bRobert A. 710 12$aInternational conference on Software engineering$d<4. ;$f1985 ;$eLondon, England> 801 0$aIT$bUNINA$gRICA$2UNIMARC 901 $aBK 912 $a990000469230403321 952 $a10 PRO 229$b518 DIS$fDINEL 959 $aDINEL 997 $aUNINA